Gares des Alpes Maritimes - Statistiques

Statistiques générales
  • Ce quiz a été pris 164 fois
  • Le résultat moyen est 25 sur 44
Statistiques - réponses
Nombre de Voyageurs Gares % Correct
5 392 921 Cannes
99%
3153 616 Antibes
97%
11 229 438 Nice Ville
96%
2 393 036 Menton
91%
1 448 613 Cagnes sur Mer
90%
472 884 Grasse
89%
2 633 233 Nice Riquier
89%
2 102 122 Nice Saint Augustin
89%
1 021 813 Saint Laurent du Var
84%
297 073 Menton Garavan
83%
654 801 Villefranche sur Mer
83%
482 053 Villeneuve Loubet
78%
60 487 Breil sur Roya
77%
288 274 Eze
77%
1 027 841 Juan les Pins
76%
151 857 Mandelieu la Napoule
75%
358 400 Biot
72%
166 572 Cannes la Bocca
72%
620 108 Beaulieu sur Mer
69%
450 620 Golfe Juan - Vallauris
69%
144 334 Roquebrune Cap Martin
66%
158 037 Cap d'Ail
63%
286 437 Cros de Cagnes
61%
29 942 Tende
59%
25 443 Théoule sur Mer
52%
59 023 Sospel
51%
211 629 Mouans Sartoux
42%
33 081 L'Ariane - La Trinité
41%
825 613 Carnolès
38%
49 152 Drap - Cantaron
35%
5 783 Fontan - Saorge
28%
3 945 La Brigue
27%
32 261 Nice Pont Michel
27%
6 921 Saint Dalmas de Tende
27%
107 066 La Frayère
23%
92 454 Ranguin
23%
131 178 Le Bosquet
22%
17 162 Peille
21%
36 526 L'Escarène
17%
15 395 Peillon - Sainte Thècle
17%
97 Vievola
17%
5 268 Touet de l'Escarène
15%
47 568 La Trinité Victor
13%
23 954 Halte de Fontanil
12%
Aucun quiz correspondant
Distribution des résultats
% des personnes avec chaque résultat
Percentile par nombre de réponses
Votre historique - résultats
Vous n’avez pas pris ce quiz